Planeta azul = Blue Planet /
Retrato de la Tierra, filmada en formato IMAX y vista desde el espacio exterior, un enfoque que muy pocos han experimentado, por astronautas norteamericanos participantes en diversas misiones de transbordadores. Desde una orbita localizada 200 millas por encima de la superficie terrestre, son observ...
Uloženo v:
| Další autoři: | , , , , , , , |
|---|---|
| Médium: | |
| Jazyk: | angličtina |
| Vydáno: |
Washington, EUA : EUA :
Smithsonian Insitution ; Lockheed Corporation,
1990, c1990
|
| Edice: | (IMAX)
|
| Témata: | |
| Tagy: |
Žádné tagy, Buďte první, kdo vytvoří štítek k tomuto záznamu!
|
MARC
| LEADER | 00000ngm^a2200000^a^4500 | ||
|---|---|---|---|
| 001 | 000189834 | ||
| 005 | 20250521000000.0 | ||
| 009 | 20260310102429.147 | ||
| 020 | |a 0-7907-6106-8 | ||
| 037 | |a Acervo ITESO - Biblioteca | ||
| 041 | |a ING | ||
| 082 | |a 551. |b AZU | ||
| 245 | 1 | 0 | |a Planeta azul = |b Blue Planet / |c Realización de B. Burtt... [et al.]. |
| 246 | 2 | |a Título en la cubierta: Blue Planet | |
| 264 | 4 | |a Washington, EUA : |b Smithsonian Insitution ; |a EUA : |b Lockheed Corporation, |c 1990, c1990 | |
| 264 | 2 | |a Los Angeles, EUA : |b Warner Brothers [distribución], |c 2001, c2001 | |
| 300 | |a 1 DVD región 1 |c (42 min.) | ||
| 336 | |a imagen móvil bidimensional |b tdi |2 rdacontenido | ||
| 337 | |a video |b v |2 rdamedio | ||
| 338 | |a videodisco |b vd |2 rdasoporte | ||
| 440 | 1 | |a (IMAX) | |
| 520 | |a Retrato de la Tierra, filmada en formato IMAX y vista desde el espacio exterior, un enfoque que muy pocos han experimentado, por astronautas norteamericanos participantes en diversas misiones de transbordadores. Desde una orbita localizada 200 millas por encima de la superficie terrestre, son observadas formaciones como la majestuosa cordillera de los Himalaya, las gigantes dunas del desierto de Namibia o las islas caribeñas semejantes a joyas; fuerzas de la naturaleza que afectan a nuestro planeta (huracanes, terremotos y erupciones) y las alteraciones perjudiciales que la humanidad ha provocado en el rostro de la Tierra. Desde la selva tropical del Amazonas a las praderas de Serengeti, el recorrido pone al descubierto los problemas ambientales creados por los seres humanos, a causa de la explotación del planeta en su propio beneficio, e inspira una nueva apreciación de la vida en la Tierra, el único hogar de la raza humana. Producido con la colaboración de la Administración Nacional de Aeronáutica y del Espacio del Gobierno de Estados Unidos (NASA, por sus siglas en inglés), este mediometraje documental fue dirigido por un colectivo de realizadores que encabezó Ben Burtt, físico norteamericano y especialista en el campo del sonido fílmico que ha colaborado con los cineastas George Lucas y Steven Spielberg, aunque probablemente quien influyó mayormente en el resultado cinematográfico final fue el guionista, editor y narrador Toni Myers. | ||
| 546 | |a En inglés, con subtítulos opcionales: español, francés, inglés | ||
| 546 | |a Doblaje opcional: francés | ||
| 649 | |a XX | ||
| 650 | |a Cine Científico | ||
| 650 | |a Documentales | ||
| 650 | |a Cortometrajes y Mediometrajes Norteamericanos | ||
| 650 | |a Cine Norteamericano - |y 1990-1999 | ||
| 650 | |a Cine Norteamericano - |y Siglo XX | ||
| 650 | |a Tierra - |x Tema Principal | ||
| 650 | |a Fotografía Aeroespacial | ||
| 650 | |a Fotografía Aérea | ||
| 650 | |a Fotografía Astronómica | ||
| 650 | |a Fotografía Científica | ||
| 650 | |a Astronomía - |x Observaciones | ||
| 650 | |a Vuelo Espacial Tripulado | ||
| 650 | |a Transbordador Espacial | ||
| 650 | |a Naves Espaciales | ||
| 650 | |a Astronáutica | ||
| 650 | |a Aeronáutica | ||
| 650 | |a Ciencias Espaciales | ||
| 650 | |a Desastres Naturales | ||
| 650 | |a Deterioro Ambiental | ||
| 650 | |a Ecosistemas | ||
| 650 | |a Medio Ambiente | ||
| 650 | |a Geografía Física | ||
| 650 | |a Geología | ||
| 650 | |a Meteorología | ||
| 650 | |a Ciencias de la Tierra | ||
| 700 | |a Burtt, Ben |e (realización) | ||
| 700 | |a Myers, Toni Trow |e (guión) | ||
| 700 | |a Douglas, David |e (fotógrafo) | ||
| 700 | |a Myers, Toni Trow |e (montaje) | ||
| 700 | |a Erbe, Micky |e (música) | ||
| 700 | |a Solomon, Maribeth |e (música) | ||
| 700 | |a Myers, Toni Trow |e (conducción) | ||
| 700 | |a Buchli, James |e (conducción) | ||
| 910 | |a Fondo General | ||
| 920 | |a Audiovisuales - DVDs | ||
| 940 | |a Películas | ||
| 905 | |a 302 | ||
| 901 | |a 0500088636 |b IT2 |c DVS |u 20250521 | ||
| 902 | |a https://opac.biblio.iteso.mx/vufind/Record/000189834 | ||